[Event "Khakassia-ch op"]
[Site "Abakan"]
[Date "2010.02.28"]
[Round "9"]
[White "Kostojakov, Petr"]
[Black "Katanov, Andrey"]
[Result "0-1"]
[WhiteElo "1786"]
[BlackElo "1990"]
[PlyCount "76"]
[EventDate "2010.02.20"]
[EventType "swiss"]
[EventRounds "9"]
[EventCountry "RUS"]
[SourceTitle "EXT 2023"]
[Source "ChessBase"]
[SourceDate "2022.10.05"]
[SourceVersion "1"]
[SourceVersionDate "2022.10.05"]
[SourceQuality "1"]

1. d4 Nf6 2. Nf3 e6 3. Bf4 c5 4. e3 Nc6 5. c3 Be7 6. h3 b6 7. dxc5 bxc5 8. Bd6 Qb6 9. b3 0-0 10. Na3 Qa5 11. Nb1 Bxd6 12. Qxd6 Ne4 13. Qd3 d5 14. Qb5 Qc7 15. Nfd2 a6 16. Qa4 Nd6 17. Bd3 Ne5 18. Bc2 c4 19. Qa3 Bb7 20. 0-0 Qc6 21. f3 f5 22. Qa5 Nd7 23. Na3 Rac8 24. bxc4 dxc4 25. Ba4 Qb6 26. Qxb6 Nxb6 27. Bc2 Nd5 28. Nab1 Nxe3 29. Rc1 Rf6 30. Kf2 Nd5 31. a4 Nf4 32. a5 Rg6 33. Rg1 Rc5 34. Ra4 Re5 35. Kf1 Bd5 36. Rb4 Ne2 37. Rb6 Ng3+ 38. Kf2 Re2# 0-1

[Event "Khakassia-ch op"]
[Site "Abakan"]
[Date "2010.02.23"]
[Round "4"]
[White "Katanov, Andrey"]
[Black "Mokhov, Vladimir"]
[Result "0-1"]
[WhiteElo "1990"]
[BlackElo "2186"]
[PlyCount "70"]
[EventDate "2010.02.20"]
[EventType "swiss"]
[EventRounds "9"]
[EventCountry "RUS"]
[SourceTitle "EXT 2023"]
[Source "ChessBase"]
[SourceDate "2022.10.05"]
[SourceVersion "1"]
[SourceVersionDate "2022.10.05"]
[SourceQuality "1"]

1. d4 Nf6 2. Nf3 g6 3. c4 Bg7 4. Nc3 d5 5. e3 0-0 6. cxd5 Nxd5 7. Qb3 Nb6 8. Be2 Be6 9. Qc2 Bf5 10. Qb3 a5 11. Na4 Be6 12. Qc2 Nd5 13. Bd2 Nb4 14. Bxb4 axb4 15. a3 b3 16. Qc5 Rxa4 17. Ng5 Bd5 18. Rc1 e5 19. Bf3 Bxf3 20. Nxf3 exd4 21. Qb5 Ra6 22. Qxb3 dxe3 23. fxe3 Rb6 24. Qc4 Rxb2 25. 0-0 Qe7 26. e4 Qxa3 27. Rce1 b5 28. Qxc7 Qa2 29. Kh1 Rxg2 30. e5 Rg4 31. Rg1 Rf4 32. Ng5 Rf2 33. e6 Qd5+ 34. Ne4 Be5 35. exf7+ Kg7 0-1

[Event "Abaza op"]
[Site "Abaza"]
[Date "2009.07.21"]
[Round "5"]
[White "Katanov, Andrey"]
[Black "Priadun, Rudolf"]
[Result "1-0"]
[WhiteElo "1969"]
[BlackElo "2080"]
[PlyCount "73"]
[EventDate "2009.07.17"]
[EventType "swiss"]
[EventRounds "9"]
[EventCountry "RUS"]
[SourceTitle "EXT 2012"]
[Source "ChessBase"]
[SourceDate "2011.11.24"]
[SourceVersion "1"]
[SourceVersionDate "2011.11.24"]
[SourceQuality "1"]

1. d4 d5 2. c4 e6 3. Nc3 c6 4. Nf3 Nf6 5. Bf4 Be7 6. e3 a6 7. Bd3 dxc4 8. Bxc4 0-0 9. 0-0 Nbd7 10. Rc1 Re8 11. Qe2 Nd5 12. Bg3 Nf8 13. Rcd1 Ng6 14. e4 Ndf4 15. Qd2 Nh5 16. d5 Nxg3 17. hxg3 exd5 18. exd5 cxd5 19. Qxd5 Rf8 20. Qh5 Bd7 21. Nd5 Bd6 22. Ng5 h6 23. Nxf7 Rxf7 24. Qxg6 Bf5 25. Ne7+ Qxe7 26. Qxf5 Rd8 27. Bxf7+ Qxf7 28. Qd5 Qxd5 29. Rxd5 Kf7 30. Rfd1 Ke6 31. Kf1 Ke7 32. Ke2 Ke6 33. f4 Rd7 34. Kf3 Ke7 35. Kg4 g6 36. Kf3 Rd8 37. g4 1-0

[Event "Abaza op"]
[Site "Abaza"]
[Date "2008.07.20"]
[Round "5"]
[White "Kostojakov, Ivan"]
[Black "Katanov, Andrey"]
[Result "1-0"]
[WhiteElo "1992"]
[BlackElo "1969"]
[PlyCount "39"]
[EventDate "2008.07.20"]
[EventType "swiss"]
[EventRounds "9"]
[EventCountry "RUS"]
[SourceTitle "EXT 2022"]
[Source "ChessBase"]
[SourceDate "2021.10.06"]
[SourceVersion "1"]
[SourceVersionDate "2021.10.06"]
[SourceQuality "1"]

1. e4 e5 2. Nf3 Nc6 3. Bb5 a6 4. Ba4 Nf6 5. 0-0 Be7 6. d3 d6 7. c3 0-0 8. h3 b5 9. Bb3 Be6 10. Re1 Qd7 11. d4 exd4 12. cxd4 d5 13. e5 Ne4 14. Nc3 Nxc3 15. bxc3 Na5 16. Bg5 Ba3 17. Qd2 Rab8 18. Qf4 Bb2 19. Bc2 g6 20. Bf6 1-0